000 00298nam a22001337a 4500
020 _a978-8178359823
041 _aENG
100 _aVerma.K.C
245 _aThe Art Of Communication
260 _adelhi
_bKalpaz Publications
_c2019
300 _a245
650 _aEnglish
856 _uCompuetitive Exam
999 _c19
_d19